Mistrovství v Microsoft Windows Vista /

Hlavní autor: Bott, Ed
Další autoři: Siechert, Carl, 1955-, Stinson, Craig, 1943-
Jazyk: Čeština
Vydáno: Brno : Computer Press, 2007
Vydání: Vyd. 1.
Edice: Mistrovství
Témata:
Externí odkaz: Digitalizovaný dokument
Fyzický popis: 1048 s. : il. ; 24 cm
Knihy
Uloženo v:
LEADER 01896nam a2200505 a 4500
001 nkc20071782988
003 CZ PrNK
005 20100414092841.0
007 ta
008 080108s2007 xr a e f 001 0 cze
015 |a cnb001782988 
020 |a 978-80-251-1748-4  |q (váz.) 
035 |a (OCoLC)228501613 
040 |a ABA001  |b cze 
041 1 |a cze  |h eng 
072 7 |a 004.4/.6  |x Programování. Software  |2 Konspekt  |9 23 
080 |a 004.451.9Windows  |2 MRF 
080 |a 004.451  |2 MRF 
080 |a (035)  |2 MRF 
100 1 |a Bott, Ed  |7 mzk2003188708  |4 aut 
245 1 0 |a Mistrovství v Microsoft Windows Vista /  |c Ed Bott, Carl Siechert, Craig Stinson ; [překlad Ivo Fořt, Pavel Vaida] 
246 3 0 |a Microsoft Windows Vista 
250 |a Vyd. 1. 
260 |a Brno :  |b Computer Press,  |c 2007 
300 |a 1048 s. :  |b il. ;  |c 24 cm 
490 1 |a Mistrovství v 
500 |a Přeloženo z angličtiny 
500 |a Obsahuje rejstřík 
650 0 7 |a Microsoft Windows Vista (operační systém)  |7 ph385199  |2 czenas 
650 0 7 |a operační systémy  |7 ph115593  |2 czenas 
650 0 9 |a Microsoft Windows Vista  |2 eczenas 
650 0 9 |a operating systems  |2 eczenas 
655 7 |a příručky  |7 fd133209  |2 czenas 
655 9 |a handbooks and manuals  |2 eczenas 
700 1 |a Siechert, Carl,  |d 1955-  |7 xx0003766  |4 aut 
700 1 |a Stinson, Craig,  |d 1943-  |7 ola2003182176  |4 aut 
765 0 |t Windows Vista inside out  |9 Česky 
830 0 |a Mistrovství  |0 s 
856 4 1 |u http://www.digitalniknihovna.cz/mzk/uuid/uuid:505736d0-3e42-11ed-9856-005056827e51  |y Digitalizovaný dokument  |x NDK 
910 2 |a BOA001  |b 2-1195.874 
990 |a BK 
995 |a 01 
991 |b 200801  |c NOV 
996 6 |b 2610328157  |c 2-1195.874  |l MZK  |r Sklad / do 1 hodiny  |n 0  |p p.v.  |w 000879267  |u 000010  |a 1  |e BOA001  |j MZK50  |s P 
996 7 |b 2610328158  |c 2-1195.874  |l MZK  |r Sklad / do 1 hodiny  |n 22  |p p.v.  |w 000879267  |u 000020  |a 1  |e BOA001  |j MZK50  |s A